000 01292nam a2200325 i 4500
003 EG-GICUC
005 20260121101538.0
008 251225s2003 ua ||||fr|||| 00| 0 ara d
017 _a200216311
020 _a997760670402
040 _a EG-GICUC
_bara
_c EG-GICUC
_d EG-GICUC
_erda
041 0 _aara
082 0 4 _221
_a345.456
_bع ب . ض
092 0 4 _221
099 _aLaw1 07 345.456 ع ب . ض 2003
100 0 _aعبدالعزيز عبدالمنعم خليفة.
_eمؤلف.
245 1 2 _aضمانات التاديب فى التحقيق الادارى والمحاكمة التاديبية /
_cالطيب حسين محمود.
264 1 _a[مكان النشر غير محدد] :
_b[اسم الناشر غير محدد],
_c2003.
300 _a359 صفحة ؛
_c24 سم.
336 _2rda content
_atext
337 _2rda media
_aComputer
338 _2rda carrier
_aOnline Resource
504 _aيحتوي على ارجاعات ببليوجرافية
546 _aالنص باللغة العربية
650 1 4 _aاجراءات وضمانات تأديب العاملين المدنين بالدولة
_xالقانون الإداري
651 1 _2qrmak
856 4 0 _uhttps://fll.law.cu.edu.eg/fulltext/bks/B07-01852.pdf
905 _a75
942 _2ddc
_cBK
_e21
_n0
999 _c52519
_d52519